Principles of project scheduling and monitoring
Guardat en:
| Autor corporatiu: | |
|---|---|
| Format: | Llibre |
| Idioma: | anglès |
| Publicat: |
Washington, D.C
Highway Research Board
1970
|
| Col·lecció: | National Cooperative Highway Research Program Synthesis of Highway Practice, 6
|
| Matèries: | |
| Etiquetes: |
Afegir etiqueta
Sense etiquetes, Sigues el primer a etiquetar aquest registre!
|
MARC
| LEADER | 00000nam a2200000 a 4500 | ||
|---|---|---|---|
| 001 | UCU6660 | ||
| 003 | CL-VaPUC | ||
| 008 | 960621e19700000US |||||||||||||||||eng|d | ||
| 082 | 0 | 4 | |a 388.12 |b HIG |2 21 |
| 110 | 2 | |a Highway Research Board |e author |9 364969 | |
| 245 | 1 | 0 | |a Principles of project scheduling and monitoring |
| 300 | |a 43 p | ||
| 942 | |c BK | ||
| 945 | |d 19960621 00:00:00 |a paguirre | ||
| 260 | |a Washington, D.C |b Highway Research Board |c 1970 | ||
| 650 | 0 | |a Carreteras |9 260132 | |
| 650 | 7 | |a TRANSPORTE |2 CL-VaPUC |9 256365 | |
| 650 | 7 | |a TRANSPORTE POR CARRETERA |2 CL-VaPUC |9 364970 | |
| 650 | 0 | |a Tráfico |9 263653 | |
| 583 | |a last modification |c 19960621 00:00:00 |k Rodrigo Vera | ||
| 490 | 0 | |a National Cooperative Highway Research Program Synthesis of Highway Practice, 6 | |
| 999 | |c 249499 |d 249497 | ||
| 952 | |0 0 |1 0 |4 0 |6 388_120000000000000_HIG_1970 |7 0 |8 A |9 266779 |a BIBING |b BIBING |d 2019-11-19 |i 1692933 |o 388.12 HIG 1970 |p 1692933 |r 2025-01-20 |w 2019-11-19 |y BK |k TRA | ||